[Event "Bad Woerishofen op 19th"]
[Site "Bad Woerishofen"]
[Date "2003.03.16"]
[Round "4"]
[White "Bienhuels, Franz Josef"]
[Black "Kluger, Norbert"]
[Result "1/2-1/2"]
[WhiteElo "1927"]
[BlackElo "2198"]
[PlyCount "68"]
[EventDate "2003.03.13"]
[EventType "swiss"]
[EventRounds "9"]
[EventCountry "GER"]
[SourceTitle "CBM 093 Extra"]
[Source "ChessBase"]
[SourceDate "2003.05.09"]
[SourceVersion "1"]
[SourceVersionDate "2003.05.09"]
[SourceQuality "1"]

1. Nf3 Nf6 2. g3 g6 3. c4 Bg7 4. Bg2 0-0 5. 0-0 d6 6. d4 Nbd7 7. Nc3 c5 8. h3 cxd4 9. Nxd4 Rb8 10. b3 Nb6 11. e4 a6 12. Bb2 Qc7 13. Qd2 Nbd7 14. Rfd1 b6 15. Nd5 Nxd5 16. exd5 Bb7 17. Rac1 Rfe8 18. Re1 Rbd8 19. Kh2 Nf8 20. f4 e5 21. dxe6 fxe6 22. Nf3 Bxb2 23. Qxb2 Qg7 24. Qf2 Qc7 25. Ng5 Bxg2 26. Qxg2 h6 27. Ne4 Nh7 28. Rcd1 d5 29. cxd5 exd5 30. Rc1 Qd7 31. Rcd1 Qc7 32. Rc1 Qd7 33. Rcd1 Qc7 34. Rc1 Qd7 1/2-1/2

[Event "Bad Woerishofen op 19th"]
[Site "Bad Woerishofen"]
[Date "2003.03.15"]
[Round "3"]
[White "Kluger, Norbert"]
[Black "Schmitzer, Peter"]
[Result "0-1"]
[WhiteElo "2198"]
[BlackElo "2089"]
[PlyCount "104"]
[EventDate "2003.03.13"]
[EventType "swiss"]
[EventRounds "9"]
[EventCountry "GER"]
[SourceTitle "CBM 093 Extra"]
[Source "ChessBase"]
[SourceDate "2003.05.09"]
[SourceVersion "1"]
[SourceVersionDate "2003.05.09"]
[SourceQuality "1"]

1. e4 c5 2. Nf3 a6 3. d4 cxd4 4. Nxd4 e5 5. Nb3 Nf6 6. Bd3 Bb4+ 7. c3 Be7 8. 0-0 0-0 9. c4 Nc6 10. Nc3 d6 11. Qe2 Bd7 12. f3 Nb4 13. Bb1 b5 14. cxb5 axb5 15. Be3 d5 16. exd5 Nbxd5 17. Nxd5 Nxd5 18. Qd3 Nf6 19. Rd1 Be6 20. Qe2 Qb8 21. Bd3 Rxa2 22. Nc5 Rxa1 23. Rxa1 Bc4 24. Bxc4 bxc4 25. Ne4 Nd5 26. Bf2 Nf4 27. Qxc4 Qxb2 28. Rd1 h6 29. g3 Nh3+ 30. Kg2 Nxf2 31. Rd2 Qb4 32. Qxb4 Bxb4 33. Rxf2 f5 34. Nd2 Bxd2 35. Rxd2 Re8 36. Kf2 Kf7 37. Ra2 Re6 38. Ke3 Rb6 39. Rc2 Kf6 40. Ra2 g5 41. Rc2 h5 42. h3 Ke6 43. Rd2 Rb3+ 44. Kf2 h4 45. gxh4 gxh4 46. Kg2 Kf6 47. Ra2 Kg5 48. Rc2 Kf4 49. Rc4+ e4 50. fxe4 fxe4 51. Rc2 Rg3+ 52. Kh2 Kf3 0-1

[Event "Bayern-chI Bank Hofmann 4th"]
[Site "Bad Wiessee"]
[Date "2000.10.31"]
[Round "4"]
[White "Muse, Mladen"]
[Black "Kluger, Norbert"]
[Result "1-0"]
[WhiteElo "2510"]
[BlackElo "2220"]
[PlyCount "63"]
[EventDate "2000.10.28"]
[EventType "swiss"]
[EventRounds "9"]
[EventCountry "GER"]
[SourceTitle "EXT 2003"]
[Source "ChessBase"]
[SourceDate "2002.11.25"]
[SourceVersion "1"]
[SourceVersionDate "2002.11.25"]
[SourceQuality "1"]

1. d4 Nf6 2. Nf3 d5 3. c4 g6 4. cxd5 Nxd5 5. h3 Bg7 6. e4 Nb6 7. Nc3 0-0 8. Be3 c6 9. Qd2 Re8 10. Bh6 Bh8 11. 0-0-0 Qc7 12. h4 Bg4 13. h5 N8d7 14. hxg6 hxg6 15. Bf4 Qd8 16. Rxh8+ Kxh8 17. Ne5 Nxe5 18. Bxe5+ Kh7 19. Be2 Bxe2 20. Nxe2 f6 21. Rh1+ Kg7 22. Qh6+ Kf7 23. Qh7+ Ke6 24. Qxg6 Kd7 25. Qg4+ e6 26. Rh7+ Re7 27. Nf4 Qg8 28. Nh5 fxe5 29. Nf6+ Kd6 30. dxe5+ Kxe5 31. Nxg8 Rxh7 32. Qg3+ 1-0